000 01037nam a2200301 i 4500
003 DO-SdBNP
005 20250516110242.0
007 ta
008 250516b2024 dr ||||| |||| 00| 0 spa d
020 _a9789945936636
040 _aDO-SdBNP
_bspa
_cBNPHU
_erda
041 _aspa
082 4 _222
_axxx
_bD543r
100 _aDíaz, María Isabel,
_eautor
_4aut.
_987134
245 1 0 _aReflexiones /
_cMaría Isabel Díaz ; edición, Leibi Ng, Máxima Hernández ; prólogo, Juan Freddy Armando
264 4 _aSanto Domingo :
_bEditorial MRyT,
_c©2024.
300 _a84 páginas ;
_c24 cm.
336 _atexto
_btxt
_2rdacontent
337 _asin mediación
_bn
_2rdamedia
338 _avolumen
_bnc
_2rdacarrier
500 _aIncluye datos biográficos del autor en la solapa de la cubierta
590 _aInventariado, 2025/BT
700 1 _aNg, Leibi,
_eeditor
_4ed.
_985783
700 1 _aHernández, Máxima,
_eeditor
_4ed.
_985784
700 1 _aArmando, Juan Freddy,
_eprologuista
_4pr.
_924389
910 _aBtavárez
942 _2ddc
_cLBS1
999 _c58338
_d58338